000 02200nam0a2200361 i 4500
001 RU\NLR\BIBL_A\010914496
005 20260407221242.0
010 _a9785987099131
_9100
021 _aRU
_b2015-88477
_95443
035 _a(NILC)RuMoRGB-008072748
035 _a(NLR Aleph) 010914496
090 _a10647409
_c10647409
100 _a20151201d2015 um y0rusy50 ca
101 0 _arus
102 _aRU
105 _aa|||z||||01yy
200 1 _aИспользование разноуровневых заданий при работе с текстом
_eметодические материалы для учителей начальных классов
_e[сборник статей]
_fГос. бюджет. общеобразоват. учреждение средняя общеобразоват. школа № 43 с углубл. изуч. иностр. яз. "Лингвистическая школа" Примор. р-на Санкт-Петербурга
_g[науч. ред.: Бубнова И. А., к. п. н.]
210 _aСанкт-Петербург
_cЛема
_d2015
215 _a34 с.
_cил.
_d20
320 _aБиблиогр.: с. 34 (3 назв.)
606 1 _aРусский язык
_jМетодические пособия
_xТекст
_xАнализ
_xПреподавание
_xНачальная школа
_92462698
_3RU\NLR\AUTH\661463208
606 _aДети младшего школьного возраста
_jМетодические пособия
_xФормирование учебных навыков
_92101425
_3RU\NLR\AUTH\661574495
686 1 _aЧ486.131(2)5,01я8
686 1 _aЧ421.35,01я8
686 1 _aЧ421.331.1я8
702 1 _aБубнова
_bИ. А.
_gИнна Анатольевна
_4340
712 0 2 _4570
_a"Лингвистическая школа", средняя общеобразовательная школа с углубленным изучением иностранных языков
_c43; Санкт-Петербург
_3RU\NLR\AUTH\8810148055
_9790603
801 0 _aRU
_bРГБ
_c20151118
_gRCR
942 _cBOOK
980 _aNBR